01209nam a22001577a 4500008004100000022001800041050002800059245013800087250001200225260003500237300001800272440015700290500002000447505056500467700001901032150126b xxu||||| |||| 00| 0 eng d a9781405734226 aKD310.H3413(5ed vol.48) aHalsbury's laws of England: Lord Mackay of Clashfern, Lord High Chancellor Great Britain (1987-97) vol 48. /cedited by Richard Dey. a5th ed. aLondon:bReed Elsevier,c2011. a725p.:c24cm. aHalsbury's Laws of England: Lord Mackay of Clasfern, Lord High Chancellor Great Britain(1987-97, vol.19). /pFinancial services and institutionsvvol.48 aIncludes index. aContents: How to use Halsbury's laws of England -- References and abbreviations -- Table of statutes -- Table of statutory instruments -- Table of civil procedure -- Table of European community legislation -- Table of conventions -- Table of non-statutory materials -- Table of cases -- General introduction -- Financial services regulation -- Financial services regulation continued -- Banking -- Guarantee and indemnity -- Money -- Bills of exchange and other negotiable instruments -- Bills of sale -- Mutual societies -- Industrial and provident societies. aMasson, Claire